| 000 | 01028cab a2200253 4500 | ||
|---|---|---|---|
| 001 | ABS46673 | ||
| 008 | 090401t1991 xxu||||| |||| 00| 0 eng d | ||
| 035 | _a(Sirsi) u59118 | ||
| 041 | _aeng | ||
| 100 | _aOc, T. | ||
| 245 | _aLondon Docklands Development Corporation (LDDC) 1981-1991 | ||
| 260 | _c1991 | ||
| 350 | _a0 | ||
| 490 |
_aTown Planning Review _v62(3) July 1991, 311-330(11) |
||
| 520 | _aExamines the role of the London Docklands Development Corporation as an agency of urban regeneration during its first ten years. It outlines the legislative background to UDCs and the designation and initial development strategies of the LDDC. It also examines specific aspects of the LDDC`s operation and the wider potential of UDCs as agencies for regeneration. (Based on journal abstract) | ||
| 650 | _aLDDC | ||
| 650 | _aPLANNING GAIN | ||
| 650 | _aURBAN DEVELOPMENT CORPORATIONS | ||
| 650 | _aURBAN REGENERATION | ||
| 690 | _aURBAN RENEWAL | ||
| 700 | _aTiesdell, S. | ||
| 942 | _n0 | ||
| 948 | _c04/03/1997 | ||
| 999 |
_c36221 _d36221 |
||